Normal view
MARC view
- Economics
Entry Topical Term
001 - CONTROL NUMBER
- control field: 19226
003 - CONTROL NUMBER IDENTIFIER
- control field: NUST
005 - DATE AND TIME OF LATEST TRANSACTION
- control field: 20190809050649.0
008 - FIXED-LENGTH DATA ELEMENTS
- fixed length control field: 190809|| aca||aabn | a|a d
040 ## - CATALOGING SOURCE
- Original cataloging agency: NUST
- Transcribing agency: NUST
150 ## - HEADING--TOPICAL TERM
- Topical term or geographic name entry element: Economics
- Geographic subdivision: Pakistan
- Form subdivision: Periodicals.
670 ## - SOURCE DATA FOUND
- Source citation: Work cat.: (NUST)2366: Pakistan journal of applied economics., [1982?-]
